000 00664nam a2200181Ia 4500
008 100920s9999 xx 000 0 und d
082 _b17292
_a891.43 थ 63
100 _aसुन्दरलाल.
245 _aभारत मे अंगरेजी राज.
260 _bसूचना और प्रसारण मन्त्रालय, भारत सरकार.
_c1963
300 _a507
_bसाधी
365 _b8
520 _aहिंदी.
630 _aभारत मे अंगरेजी राज.
650 _aहिंदी.
730 _aभारत मे अंगरेजी राज.
942 _cBOOK
999 _c679579
_d679576